000 00813nam a2200241 a 4500
001 000015036
005 20200929163936.0
008 100129s2002 dr 000 0 spa d
040 _aDO-SdBNP
_bspa
_cBNPHU
082 _a615.1
_bM425r
100 1 _aMateo, Ana Milagros
_934033
245 1 3 _aEl registro médico farmaceútico de medicamentos /
_cAna Milagros Mateo.
260 _aSanto Domingo :
_bLuxe,
_c2002.
300 _a94 p. : ;
_c22 cm.
500 _aIncluye datos biográficos de la autora en la contracubierta
500 _aIncluye glosario temático
504 _aIncluye bibliografas (p .88)
650 4 _aMedicamentos
_96323
650 4 _aMedicamentos
_xLegislación
_934034
650 4 _aMedicamentos
_xNormas
_934035
650 4 _aMedicamentos
_xPantentes, marcas, etc.
_934036
049 _aBNPD
999 _c14609
_d14609